<?xml version="1.0" encoding="UTF-8"?>
<record
    xmlns:xsi="http://www.w3.org/2001/XMLSchema-instance"
    xsi:schemaLocation="http://www.loc.gov/MARC21/slim http://www.loc.gov/standards/marcxml/schema/MARC21slim.xsd"
    xmlns="http://www.loc.gov/MARC21/slim">

  <leader>01538    a2200217   4500</leader>
  <controlfield tag="001">57667</controlfield>
  <controlfield tag="005">20260407155836.0</controlfield>
  <controlfield tag="008">260407a2004    arg                 spa d</controlfield>
  <controlfield tag="003">AR-UNSa-BCEJYS</controlfield>
  <datafield tag="040" ind1=" " ind2=" ">
    <subfield code="a">AR-UNSa-BCEJYS</subfield>
    <subfield code="b">spa</subfield>
    <subfield code="c">AR-UNSa-BCEJYS</subfield>
  </datafield>
  <datafield tag="080" ind1=" " ind2=" ">
    <subfield code="a">334.713</subfield>
    <subfield code="x">Peque&#xF1;a industria (Pymes)</subfield>
  </datafield>
  <datafield tag="245" ind1="1" ind2="0">
    <subfield code="a">Las Pymes argentinas</subfield>
    <subfield code="p">mitos y realidades</subfield>
  </datafield>
  <datafield tag="020" ind1=" " ind2=" ">
    <subfield code="a">987-21698-0-2</subfield>
  </datafield>
  <datafield tag="264" ind1=" " ind2="1">
    <subfield code="a">Buenos Aires :</subfield>
    <subfield code="b">ABAPPRA</subfield>
    <subfield code="c">2004</subfield>
  </datafield>
  <datafield tag="300" ind1=" " ind2=" ">
    <subfield code="a">280 p.</subfield>
    <subfield code="c">20 cm.</subfield>
  </datafield>
  <datafield tag="505" ind1=" " ind2=" ">
    <subfield code="a">1. Presentaci&#xF3;n / Carlos Heller &#x2013; 2. La realidad PyMe / Edgardo Acu&#xF1;a &#x2013; 3. El entorno macroecon&#xF3;mico y su impacto sobre las PyMEs / Debora Giorgi y Hernan del Villar &#x2013; 4. Pol&#xED;ticas p&#xFA;blicas para las PyMEs / Federico Poli &#x2013; 5. Las PyMes y su importancia para la competitividad estrat&#xE9;gica / Gabriel Yoguel &#x2013; 6. Las &#x201C;econom&#xED;as de aglomeraci&#xF3;n&#x201D; en los manchones territoriales-sectoriales de MyMi / Vicente N. Donato &#x2013; 7. PyMEs, patr&#xF3;n de crecimiento y empleo en Argentina / Daniel Kostzer y Diego Schleser &#x2013; 8. La inserci&#xF3;n externa de la econom&#xED;a argentina y la problem&#xE1;tica PyME: entre la gesti&#xF3;n de pol&#xED;ticas y los condicionamientos macroecon&#xF3;micos / Gustavo Svarzman &#x2013; 9. La cr&#xF3;nica restricci&#xF3;n de acceso al cr&#xE9;dito de las PyMEs argentinas. Diagn&#xF3;stico y propuestas / Leonardo Bleger y Mariano Borzel &#x2013; 10. Definici&#xF3;n PyME en la Argentina / IdePyME</subfield>
  </datafield>
  <datafield tag="041" ind1=" " ind2=" ">
    <subfield code="a">spa</subfield>
  </datafield>
  <datafield tag="942" ind1=" " ind2=" ">
    <subfield code="c">BK</subfield>
  </datafield>
  <datafield tag="590" ind1=" " ind2=" ">
    <subfield code="a">niveau_biblio:m niveau_hierar:0</subfield>
  </datafield>
  <datafield tag="100" ind1="1" ind2=" ">
    <subfield code="a">Asociaci&#xF3;n de Bancos P&#xFA;blicos y Privados de la Rep&#xFA;blica Argentina (ABAPPRA)</subfield>
  </datafield>
  <datafield tag="999" ind1=" " ind2=" ">
    <subfield code="c">6219</subfield>
    <subfield code="d">6219</subfield>
  </datafield>
  <datafield tag="952" ind1=" " ind2=" ">
    <subfield code="0">0</subfield>
    <subfield code="1">0</subfield>
    <subfield code="4">0</subfield>
    <subfield code="7">0</subfield>
    <subfield code="a">BCEJYS</subfield>
    <subfield code="b">BCEJYS</subfield>
    <subfield code="c">16</subfield>
    <subfield code="d">2026-04-07</subfield>
    <subfield code="l">0</subfield>
    <subfield code="o">334.713 A837</subfield>
    <subfield code="p">L128794</subfield>
    <subfield code="r">2026-04-07 15:58:36</subfield>
    <subfield code="w">2026-04-07</subfield>
    <subfield code="y">L</subfield>
  </datafield>
</record>
